Guess the Harry Potter Movies by Scene #45 - Statistics

General Stats
  • This quiz has been taken 99 times
  • The average score is 19 of 20
Answer Stats
Picture Answer % Correct
Chamber of Secrets
100%
Goblet of Fire
100%
Philosopher's Stone
100%
Prisoner of Azkaban
100%
Prisoner of Azkaban
100%
Deathly Hallows – Part 1
95%
Deathly Hallows – Part 1
95%
Deathly Hallows – Part 2
95%
Deathly Hallows – Part 2
95%
Deathly Hallows – Part 2
95%
Half-Blood Prince
95%
Deathly Hallows – Part 1
89%
Deathly Hallows – Part 1
89%
Deathly Hallows – Part 2
89%
Goblet of Fire
89%
Half-Blood Prince
89%
Half-Blood Prince
89%
Order of the Phoenix
89%
Order of the Phoenix
89%
Prisoner of Azkaban
89%
No matching quizzes found
Score Distribution
Percent of People with Each Score
Percentile by Number Answered
Your Score History
You have not taken this quiz